Quando eu cresci (Record no. 24908)

MARC details
000 -LÍDER
campo de controle de tamanho fixo 00346 a2200157 4500
001 - NÚMERO DE CONTROLE
campo de controle 24908
020 ## - ISBN - INTERNATIONAL STANDARD BOOK NUMBER
ISBN - International Standard Book Number 9788508145713
040 ## - FONTE DA CATALOGAÇÃO
Instituição que transcreveu o registro Anchieta - São Paulo/Itaigara
100 ## - ENTRADA PRINCIPAL--NOME PESSOAL
Nome pessoal Sandoval, Tony
240 10 - TÍTULO UNIFORME
Título uniforme Quando eu cresci
Idioma da obra por
245 10 - TÍTULO
Título Quando eu cresci
300 ## - DESCRIÇÃO FÍSICA
Extensão 95
362 0# - DATAS DE PUBLICAÇÃO E/OU DESIGNAÇÃO SEQUENCIAL
Datas de publicação e/ou designação sequencial 2011
650 #4 - ASSUNTO--TERMO TÓPICO
Cabeçalho tópico ou nome geográfico Literatura juvenil
942 ## - ELEMENTOS DE ENTRADA ADICIONADOS (KOHA)
Tipo de material Koha Livros
Holdings
Situação do descarte Situação das perdas Situação física Não pode ser emprestado Biblioteca de origem Biblioteca atual Data de aquisição Total de empréstimos Código de barras Data de último acesso Data do preço efetivo Tipo de material Koha Número de chamada completo
        Colégio Anchieta - Pituba Colégio Anchieta - Pituba 21/11/2023   13677/PIT 21/11/2023 21/11/2023 Livros  
        Colégio Anchieta - Pituba Colégio Anchieta - Pituba 21/11/2023   14559/PIT 21/11/2023 21/11/2023 Livros LJ 028.5 P219q PAQ QUA
        Colégio Anchieta - Pituba Colégio Anchieta - Pituba 21/11/2023   14560/PIT 21/11/2023 21/11/2023 Livros LJ 028.5 P219q PAQ QUA
        Colégio Anchieta - Pituba Colégio Anchieta - Pituba 21/11/2023   17165/PIT 21/11/2023 21/11/2023 Livros LJ 028.5 P219q PAQ QUA
        Colégio São Paulo Colégio São Paulo 22/11/2023   6329/CSP 22/11/2023 22/11/2023 Livros LJ 028.5 P219q